00468 2200181 4500001002100000005001500021008004100036020001800077035001900095041000700114082001000121090001600131100001300147245002700160260004900187300003500236650001500271INLIS00000000000040720241224112152241224||||||||| | ||| |||| || |  a979-518-276-5 0010-1224000407 aid0 a321.9 a321.9 DAR m0 adaryanto00aMesin Perkakas Bengkel aJakartabBina Adiaksara & Rineka Ciptac2002 aviii, 138 hlm.: ilus.; 20,5 cm 0aPermesinan